[Event "MTel"]
[Site "Sofia BUL"]
[Date "2007.05.18"]
[Round "8"]
[White "Topalov, Veselin"]
[Black "Mamedyarov, Shakhriyar"]
[Result "1/2-1/2"]
[WhiteElo "2772"]
[BlackElo "2757"]
[EventDate "2007.05.10"]

1.e4 c5 2.Cf3 e6 3.d4 cxd4 4.Cxd4 Cc6 5.Cc3 a6 6.Cxc6 bxc6 7.Fd3 d5 8.O-O 
Cf6 9.Te1 Fe7 10.Df3 O-O 11.Fg5 d4 12.Ca4 e5 13.b3 Cd7 14.Fxe7 Dxe7 15.c3 
c5 16.Tac1 Dd6 17.Dg3 Fb7 18.Tc2 Tac8 19.Tec1 Dh6 20.Cb2 f5 21.exf5 e4 22.
Fc4+ Rh8 23.cxd4 cxd4 24.Ff1 Dxc1 25.Txc1 Txc1 26.Df4 Tc5 27.g4 Ce5 28.Cc4
Cf3+ 29.Rg2 Ch4+ 30.Rh3 Cxf5 31.b4 Tc6 32.gxf5 Txf5 33.Db8+ Fc8 34.Rg2 Tf8
35.De5 Tg6+ 36.Rh1 e3 37.De7 Tgf6 38.Ce5 exf2 39.h4 Fe6 40.Rh2 Fxa2 41.Cd7
T6f7 42.Dc5 Te8 43.Dxd4 Td8 44.Db2 Tfxd7 45.Dxa2 Td4 46.Rg3 Txb4 47.Dxf2 
a5 48.h5 h6 49.Df7 a4 50.Fc4 a3 51.De7 Tdb8 52.Dd6 a2 53.Fxa2 T4b6 54.Dd3 
Tb2 55.Fc4 T2b4 56.Dd6 T4b6 57.Dd5 Tb4 58.Fd3 Tb3 59.Rf4 Txd3 60.Dxd3 Tf8+
61.Re5 Tf6 62.Dd8+ Rh7 63.Dxf6 gxf6+ 64.Rxf6 Rh8 1/2-1/2

[Event "MTel"]
[Site "Sofia BUL"]
[Date "2007.05.19"]
[Round "9"]
[White "Kamsky, Gata"]
[Black "Topalov, Veselin"]
[Result "1/2-1/2"]
[WhiteElo "2705"]
[BlackElo "2772"]
[EventDate "2007.05.10"]

1.d4 Cf6 2.Cf3 e6 3.Ff4 c5 4.e3 cxd4 5.exd4 b6 6.Cbd2 Fe7 7.h3 O-O 8.Fd3 
Fa6 9.Fxa6 Cxa6 10.O-O b5 11.c3 Cc7 12.a4 Ccd5 13.Fh2 a6 14.Db3 Db6 15.Ta2
d6 16.Tfa1 Tab8 17.axb5 axb5 18.Ta6 Dd8 19.Ta7 Cc7 20.Ce1 Cfd5 21.Cd3 Dd7 
22.Cb4 Cxb4 23.Dxb4 Dc6 24.c4 Tfc8 25.cxb5 Dc2 26.Cf1 Cd5 27.Dd2 Db3 28.
Ce3 Ff8 29.Fg3 Cxe3 30.Dxe3 Dxb5 31.Df3 f6 32.T1a6 Tb6 33.Ta1 Dxb2 34.Ff4 
d5 35.Fe3 Dc2 36.Rh2 Dg6 37.g3 h5 38.Ta8 Tbc6 39.T1a6 Df7 40.Ff4 Tc3 41.
De2 Tc2 42.De1 Txa8 43.Txa8 Dd7 44.Db1 Tc8 45.Txc8 Dxc8 46.Dg6 Dc4 47.Fe3 
e5 48.dxe5 d4 49.e6 dxe3 50.Df7+ Rh7 51.Dxh5+ 1/2-1/2

[Event "MTel"]
[Site "Sofia BUL"]
[Date "2007.05.20"]
[Round "10"]
[White "Topalov, Veselin"]
[Black "Sasikiran, Krishnan"]
[Result "1-0"]
[WhiteElo "2772"]
[BlackElo "2690"]
[EventDate "2007.05.10"]

1.d4 Cf6 2.c4 e6 3.Cc3 Fb4 4.e3 b6 5.Fd3 Fb7 6.Cf3 O-O 7.O-O d5 8.a3 Fd6 
9.cxd5 exd5 10.b4 Cbd7 11.b5 Ce4 12.Fb2 Te8 13.a4 Te6 14.Ce2 a5 15.Fa3 Tc8
16.Fxd6 cxd6 17.Tc1 Cdf6 18.h3 Te7 19.Db3 h6 20.Txc8 Dxc8 21.Tc1 Tc7 22.
Txc7 Dxc7 23.Dc2 De7 24.Dc1 g6 25.Ch2 Rg7 26.h4 Ce8 27.f3 C4f6 28.Cf1 h5 
29.Cf4 Cd7 30.De1 Cf8 31.Dg3 Rh6 32.Cxh5 gxh5 33.Dg8 f5 34.Cg3 Cg7 35.Fxf5
Cg6 36.Fxg6 Rxg6 37.Cxh5 Dxe3+ 38.Rh2 De7 39.Cf4+ Rf6 40.g4 Df7 41.Dd8+ 
De7 42.Dg8 Df7 43.Dd8+ De7 44.Dxe7+ Rxe7 45.Rg3 Ce6 46.Cxe6 Rxe6 47.f4 Fc8
48.f5+ Rf7 49.h5 Fd7 50.h6 Rg8 51.Rf4 Fe8 52.Rg5 Rf7 53.h7 Rg7 54.h8=D+ 
Rxh8 55.Rf6 Fxb5 56.Re7 Fd3 57.f6 Fg6 58.f7 Fxf7 59.Rxf7 1-0

[Event "XX Ciudad de Leon"]
[Site "Leon ESP"]
[Date "2007.07.07"]
[Round "1.1"]
[White "Topalov, Veselin"]
[Black "Kasimdzhanov, Rustam"]
[Result "1-0"]
[WhiteElo "2772"]
[BlackElo "2677"]
[EventDate "2007.07.06"]

1.d4 d5 2.c4 e6 3.Cf3 Cf6 4.g3 Fe7 5.Fg2 O-O 6.Dc2 Cc6 7.O-O Cb4 8.Db3 a5 
9.a3 Cc6 10.Ff4 a4 11.Dc2 dxc4 12.Dxc4 Cd5 13.Cc3 Cb6 14.Dd3 Fd7 15.Tad1 
Ca5 16.h4 Cac4 17.Cg5 Fxg5 18.Fxg5 De8 19.Fc1 Fc6 20.e4 Td8 21.Tfe1 f6 22.
g4 Df7 23.Dg3 Rh8 24.Td3 f5 25.Tf3 Txd4 26.gxf5 e5 27.Fg5 Cd7 28.Fc1 Cf6 
29.Td3 Tfd8 30.Ted1 De7 31.Cd5 Txd3 32.Txd3 Fxd5 33.exd5 Cd6 34.Fh3 Cde4 
35.De3 Cc5 36.Td1 Cb3 37.Fg2 c6 38.Da7 Cxc1 39.d6 Ce2+ 40.Rf1 Df7 41.Rxe2 
Dc4+ 42.Re1 Db5 43.Td2 e4 44.Ff1 De5 45.Fe2 h6 46.Dxb7 e3 47.fxe3 Dxe3 48.
De7 Dg1+ 49.Ff1 Td7 50.De6 Rh7 51.Td3 Dh2 52.Fe2 Dxh4+ 53.Rd1 Df4 54.Rc2 
c5 55.Td1 Df2 56.Td2 Df4 57.Fb5 Td8 58.d7 h5 59.De7 Db8 60.Tg2 Cg4 61.f6 
Tg8 62.f7 Tf8 63.Txg4 Dxb5 64.De4+ Rh8 65.Tg5 Db3+ 66.Rc1 Dxf7 67.Tf5 Dxf5
68.Dxf5 Txf5 69.d8=D+ Rh7 70.De8 1-0

[Event "XX Ciudad de Leon"]
[Site "Leon ESP"]
[Date "2007.07.07"]
[Round "1.2"]
[White "Kasimdzhanov, Rustam"]
[Black "Topalov, Veselin"]
[Result "0-1"]
[WhiteElo "2677"]
[BlackElo "2772"]
[EventDate "2007.07.06"]

1.d4 Cf6 2.c4 g6 3.Cc3 Fg7 4.e4 d6 5.f3 O-O 6.Fe3 c5 7.Cge2 Cc6 8.d5 Ce5 
9.Cg3 e6 10.Fe2 exd5 11.cxd5 h5 12.O-O Ch7 13.Dd2 h4 14.Ch1 f5 15.Cf2 Fd7 
16.Tab1 Df6 17.f4 Cf7 18.Rh1 Tfe8 19.Cb5 Dd8 20.b4 b6 21.bxc5 bxc5 22.Fd3 
Cf6 23.Cc3 Da5 24.Dc2 Cg4 25.Ccd1 Fa4 26.De2 Fxd1 27.Cxd1 Cfh6 28.Fd2 Dxa2
29.Tb7 Da3 30.e5 dxe5 31.d6 Rh8 32.d7 Te7 33.fxe5 Txe5 34.Df3 Td8 35.Fb5 
Da2 36.Fg5 Ff6 37.Ff4 a6 38.Fc6 g5 39.Fxe5 Cxe5 40.Fd5 Dd2 41.Db3 Rg7 42.
Fe6 De2 43.Tg1 f4 44.h3 c4 45.Db6 f3 46.Df2 Cd3 47.Dxf3 Dxe6 48.Tf1 Cf4 
49.Ce3 c3 50.Td1 Cf5 51.Te1 Cg3+ 52.Rh2 Fe5 53.Cg4 Cfe2 54.Dd3 Ff4 55.
Dxc3+ Rf7 56.Dd3 Cf5+ 57.g3 hxg3+ 58.Rg2 Ch4+ 59.Rf1 g2+ 60.Rf2 Fg3+ 61.
Dxg3 Cxg3 0-1

[Event "XX Ciudad de Leon"]
[Site "Leon ESP"]
[Date "2007.07.07"]
[Round "1.3"]
[White "Topalov, Veselin"]
[Black "Kasimdzhanov, Rustam"]
[Result "0-1"]
[WhiteElo "2772"]
[BlackElo "2677"]
[EventDate "2007.07.06"]

1.Cf3 d5 2.d4 Cf6 3.c4 c6 4.e3 Ff5 5.Cc3 e6 6.Ch4 Fg6 7.Cxg6 hxg6 8.a3 
Cbd7 9.g3 Fd6 10.b3 O-O 11.Fg2 b5 12.O-O Tb8 13.c5 Fc7 14.f4 a5 15.b4 Ta8 
16.Fd2 De7 17.De2 Ta7 18.Tab1 Tfa8 19.g4 axb4 20.axb4 Ta3 21.Ff3 Ch7 22.g5
e5 23.dxe5 Cxe5 24.fxe5 Cxg5 25.h4 Ch3+ 26.Rg2 Dxe5 27.Th1 d4 28.exd4 Cf4+
29.Fxf4 Dxf4 30.Th3 Txc3 31.Tf1 Te3 32.Dd1 Td8 33.d5 Txd5 0-1

[Event "XX Ciudad de Leon"]
[Site "Leon ESP"]
[Date "2007.07.07"]
[Round "1.4"]
[White "Kasimdzhanov, Rustam"]
[Black "Topalov, Veselin"]
[Result "1/2-1/2"]
[WhiteElo "2677"]
[BlackElo "2772"]
[EventDate "2007.07.06"]

1.d4 Cf6 2.c4 g6 3.Cc3 Fg7 4.e4 d6 5.Cf3 O-O 6.Fe2 e5 7.Fe3 Ca6 8.O-O Cg4 
9.Fg5 De8 10.dxe5 dxe5 11.h3 f6 12.Fd2 Ch6 13.c5 Cxc5 14.Dc1 Cf7 15.Cd5 
Ce6 16.Cxc7 Cxc7 17.Dxc7 Cd8 18.Dc3 Fe6 19.Fe3 Tc8 20.Da3 Cc6 21.Tac1 Tf7 
22.Fc4 Fxc4 23.Txc4 Ff8 24.Da4 a6 25.Fb6 Td7 26.Tcc1 De6 27.a3 Ce7 28.Fe3 
Tc6 29.Txc6 Cxc6 30.Tc1 h5 31.b4 Da2 32.Rh2 Td3 33.b5 Txa3 34.Dd1 axb5 35.
Ch4 Df7 36.g4 g5 37.Cf5 b4 38.gxh5 Tc3 39.Ta1 Ta3 40.Tb1 Rh7 41.h4 Cd4 42.
Fxd4 exd4 43.Dxd4 Dc7+ 44.Rg2 Df4 45.Dd7+ Rh8 46.De8 Df3+ 47.Rg1 Dg4+ 48.
Rf1 Dh3+ 49.Re1 Dc3+ 50.Rf1 Dh3+ 51.Re1 Dc3+ 52.Rf1 Dh3+ 1/2-1/2

[Event "XX Ciudad de Leon"]
[Site "Leon ESP"]
[Date "2007.07.08"]
[Round "2.1"]
[White "Topalov, Veselin"]
[Black "Anand, Viswanathan"]
[Result "1/2-1/2"]
[WhiteElo "2772"]
[BlackElo "2786"]
[EventDate "2007.07.06"]

1.e4 e5 2.Cf3 Cc6 3.Fb5 a6 4.Fa4 Cf6 5.O-O Fe7 6.Te1 b5 7.Fb3 O-O 8.h3 d6 
9.c3 Tb8 10.d3 Ca5 11.Fc2 c5 12.Cbd2 Cc6 13.Cf1 Te8 14.a3 h6 15.Cg3 Fe6 
16.d4 exd4 17.cxd4 cxd4 18.Ce2 d3 19.Fxd3 Ce5 20.Ced4 Cxd3 21.Dxd3 Tc8 22.
Cxe6 fxe6 23.e5 dxe5 24.Dg6 e4 25.Ce5 Fc5 26.Df7+ Rh7 27.Dg6+ Rg8 28.Fxh6 
Te7 29.Tad1 De8 30.Fg5 Dxg6 31.Cxg6 Tec7 32.b4 Fa7 33.Td6 Rh7 34.Ce5 Tc2 
35.Fh4 Tc1 36.Rf1 Cd5 37.Fg5 e3 38.fxe3 Fxe3 39.Cf3 Cf4 40.Fxf4 Fxf4 41.
Txe6 T8c6 42.Txc6 Txc6 43.h4 Fc1 44.g4 Fxa3 45.Te4 g6 46.Re2 Tc4 47.Cg5+ 
Rg7 48.Te7+ Rf8 49.Te6 Txg4 1/2-1/2

[Event "XX Ciudad de Leon"]
[Site "Leon ESP"]
[Date "2007.07.08"]
[Round "2.2"]
[White "Anand, Viswanathan"]
[Black "Topalov, Veselin"]
[Result "1-0"]
[WhiteElo "2786"]
[BlackElo "2772"]
[EventDate "2007.07.06"]

1.e4 c5 2.Cf3 d6 3.d4 cxd4 4.Cxd4 Cf6 5.Cc3 a6 6.Fe3 e5 7.Cb3 Fe6 8.f3 h5 
9.Dd2 Cbd7 10.a4 Fe7 11.Fe2 Cb6 12.O-O d5 13.a5 d4 14.axb6 dxe3 15.Dxe3 
Cd7 16.Ca4 Tc8 17.Ca5 Fg5 18.Dd3 Tb8 19.Tfd1 O-O 20.Rh1 Df6 21.c4 h4 22.c5
Dh6 23.c6 bxc6 24.Cxc6 Cf6 25.f4 Fxf4 26.Cxb8 Txb8 27.Cc5 Cg4 28.Tf1 Ce3 
29.Dd6 Te8 30.Cxe6 Dg6 31.Tf2 h3 32.gxh3 fxe6 33.b7 Dxe4+ 34.Ff3 Dd4 35.
b8=D Txb8 36.Dxb8+ Rh7 37.Db7 Cd5 1-0

[Event "XX Ciudad de Leon"]
[Site "Leon ESP"]
[Date "2007.07.08"]
[Round "2.3"]
[White "Topalov, Veselin"]
[Black "Anand, Viswanathan"]
[Result "1/2-1/2"]
[WhiteElo "2772"]
[BlackElo "2786"]
[EventDate "2007.07.06"]

1.e4 e5 2.Cf3 Cc6 3.Fb5 a6 4.Fa4 Cf6 5.O-O Fe7 6.Te1 b5 7.Fb3 O-O 8.h3 Fb7
9.d3 d6 10.a3 Dd7 11.Cc3 Cd8 12.d4 exd4 13.Cxd4 Te8 14.Cf5 Ce6 15.Fd5 Cxd5
16.exd5 Cc5 17.Dg4 Ff6 18.Fg5 h5 19.Df4 Fe5 20.Df3 f6 21.Fd2 Df7 22.Tad1 
Cd7 23.Ff4 Fxc3 24.Dxc3 Cb6 25.Dg3 Rh7 26.Txe8 Txe8 27.Fxd6 Cxd5 28.Fc5 
Te5 29.Ch4 Rg8 30.Cf3 Te8 31.Cd4 Rh7 32.Dd3+ Dg6 33.Dxg6+ Rxg6 34.f3 Cf4 
35.Rf2 Rf7 36.Td2 Td8 37.Fb4 Ce6 38.Cxe6 1/2-1/2

[Event "XX Ciudad de Leon"]
[Site "Leon ESP"]
[Date "2007.07.08"]
[Round "2.4"]
[White "Anand, Viswanathan"]
[Black "Topalov, Veselin"]
[Result "1-0"]
[WhiteElo "2786"]
[BlackElo "2772"]
[EventDate "2007.07.06"]

1.e4 c5 2.Cf3 d6 3.d4 cxd4 4.Cxd4 Cf6 5.Cc3 a6 6.Fe3 e6 7.Fe2 Cbd7 8.O-O 
b5 9.a4 b4 10.Cc6 Dc7 11.Cxb4 d5 12.Cxa6 Fxa6 13.exd5 Fd6 14.h3 exd5 15.
Cxd5 Cxd5 16.Dxd5 Fb7 17.Dc4 Fc6 18.b4 Db7 19.Tad1 Fe7 20.b5 Fxg2 21.Txd7 
Rxd7 22.Dg4+ Re8 23.Dxg2 Dxg2+ 24.Rxg2 Txa4 25.b6 Ta5 26.Td1 Fg5 27.b7 Re7
28.Fb6 Te5 29.Fd8+ 1-0

[Event "XXII Rapid"]
[Site "Villarrobledo ESP"]
[Date "2007.08.04"]
[Round "1"]
[White "Topalov, Veselin"]
[Black "Sanchez Delgado, Lidia"]
[Result "1-0"]
[WhiteElo "2769"]
[BlackElo "2053"]
[EventDate "2007.08.04"]

1.c4 c5 2.Cf3 Cc6 3.g3 g6 4.Fg2 Fg7 5.O-O d6 6.Cc3 e6 7.e3 Cge7 8.d4 O-O 
9.d5 exd5 10.cxd5 Cb8 11.h3 a6 12.a4 Cd7 13.e4 Tb8 14.a5 b6 15.axb6 Cxb6 
16.Te1 Cc4 17.De2 Ce5 18.Cd2 f6 19.f4 Cf7 20.Cc4 Te8 21.Dd3 Dc7 22.Fd2 Tb3
23.g4 Fd7 24.Txa6 Fb5 25.Cxb5 Txb5 26.Fc3 Cc8 27.e5 fxe5 28.fxe5 Tb3 29.e6
Fd4+ 30.Rh1 Ce5 31.Cxe5 dxe5 32.Dc4 Tb6 33.Fa5 1-0

[Event "XXII Rapid"]
[Site "Villarrobledo ESP"]
[Date "2007.08.04"]
[Round "2"]
[White "Camarena Gimenez, Rufino"]
[Black "Topalov, Veselin"]
[Result "0-1"]
[WhiteElo "2332"]
[BlackElo "2769"]
[EventDate "2007.08.04"]

1.d4 Cf6 2.c4 g6 3.Cc3 Fg7 4.e4 d6 5.Cf3 Fg4 6.Fe2 Cfd7 7.Fe3 a6 8.Cg1 
Fxe2 9.Cgxe2 c5 10.O-O Cc6 11.Dd2 O-O 12.Tfd1 Da5 13.dxc5 Cxc5 14.Tab1 Db4
15.b3 b5 16.f3 bxc4 17.bxc4 Dxc4 18.Cd5 Tab8 19.Cb6 De6 20.Cf4 De5 21.De2 
Fh6 22.Cc4 Dg7 23.Cd5 Fxe3+ 24.Dxe3 Rh8 25.f4 Cd7 26.Cdb6 Cf6 27.e5 dxe5 
28.Cxe5 Cxe5 29.Dxe5 e6 30.Da5 Ce4 31.Tb3 Tbd8 0-1

[Event "XXII Rapid"]
[Site "Villarrobledo ESP"]
[Date "2007.08.04"]
[Round "3"]
[White "Topalov, Veselin"]
[Black "Arizmendi Martinez, Julen L"]
[Result "1/2-1/2"]
[WhiteElo "2769"]
[BlackElo "2522"]
[EventDate "2007.08.04"]

1.c4 e5 2.Cc3 Cf6 3.Cf3 Cc6 4.g3 d5 5.cxd5 Cxd5 6.Fg2 Cb6 7.O-O Fe7 8.d3 
O-O 9.Fe3 Te8 10.a3 Ff8 11.Tc1 Cd4 12.Ce4 c6 13.Fxd4 exd4 14.Dd2 Fg4 15.
Tfe1 a5 16.Df4 Fxf3 17.Fxf3 Cd5 18.Dd2 Cf6 19.Fg2 Cxe4 20.dxe4 Db6 21.Rh1 
a4 22.f4 Ta5 23.e5 Tb5 24.Tc2 Tb3 25.Td1 Td8 26.Ff3 g6 27.Rg2 Db5 28.Fe4 
Fe7 29.Dc1 Te3 30.Fd3 Dd5+ 31.Rf2 g5 32.Fc4 De4 33.Fd3 Dd5 34.Fc4 De4 35.
Fd3 1/2-1/2

[Event "XXII Rapid"]
[Site "Villarrobledo ESP"]
[Date "2007.08.05"]
[Round "6"]
[White "Cheparinov, Ivan"]
[Black "Topalov, Veselin"]
[Result "1/2-1/2"]
[WhiteElo "2657"]
[BlackElo "2769"]
[EventDate "2007.08.04"]

1.d4 Cf6 2.c4 e6 3.Cc3 Fb4 4.Cf3 O-O 5.Fg5 c5 6.Tc1 cxd4 7.Cxd4 Fe7 8.e3 
a6 9.Fe2 b6 10.O-O Fb7 11.Ff3 Cc6 12.Cxc6 Fxc6 13.Fxc6 dxc6 14.Dxd8 Tfxd8 
1/2-1/2

[Event "XXII Rapid"]
[Site "Villarrobledo ESP"]
[Date "2007.08.05"]
[Round "7"]
[White "Topalov, Veselin"]
[Black "Malakhov, Vladimir"]
[Result "1-0"]
[WhiteElo "2769"]
[BlackElo "2676"]
[EventDate "2007.08.04"]

1.d4 d5 2.c4 c6 3.Cf3 Cf6 4.e3 Fg4 5.h3 Fxf3 6.Dxf3 e6 7.Cc3 Cbd7 8.Fd2 
Fd6 9.Fd3 De7 10.O-O O-O 11.Tae1 dxc4 12.Fxc4 e5 13.Fb3 Cb6 14.Df5 Dd7 15.
Dxd7 Cbxd7 16.g4 exd4 17.exd4 Cb6 18.Fg5 Fb4 19.a3 Fxa3 20.bxa3 Tfe8 21.f3
Txe1 22.Txe1 Te8 23.Rf2 Txe1 24.Rxe1 Rf8 25.Rd2 h6 26.Ff4 Ce8 27.Rd3 Re7 
28.a4 Cd7 29.h4 Cef6 30.h5 Cd5 31.Fd2 Cc7 32.Fc1 b6 33.Fa3+ c5 34.Re4 Cf6+
35.Rf5 Cd7 36.Fc1 Cf8 37.dxc5 bxc5 38.Fe3 Cfe6 39.Re5 Rd7 40.f4 Rc6 41.g5 
Rd7 42.gxh6 gxh6 43.f5 Cg7 44.Fxf7 1-0

[Event "XXII Rapid"]
[Site "Villarrobledo ESP"]
[Date "2007.08.05"]
[Round "8"]
[White "Sokolov, Ivan"]
[Black "Topalov, Veselin"]
[Result "1/2-1/2"]
[WhiteElo "2666"]
[BlackElo "2769"]
[EventDate "2007.08.04"]

1.d4 Cf6 2.c4 e6 3.Cf3 d5 4.Cc3 Fe7 5.Ff4 O-O 6.e3 Cbd7 7.a3 c5 8.cxd5 
Cxd5 9.Cxd5 exd5 10.dxc5 Cxc5 11.Fe5 Ff5 12.Fe2 Fe4 13.O-O Ce6 14.Cd4 Db6 
15.Dd2 Tac8 16.Tac1 h6 17.Fg4 Txc1 18.Txc1 Cc5 19.Fe2 a5 20.f3 Fg6 21.b4 
axb4 22.Dxb4 Dxb4 23.axb4 Cd3 24.Fxd3 Fxd3 25.Tc7 Fxb4 26.Txb7 Fc5 27.Rf2 
Te8 28.Cc6 Te6 29.Tc7 Fb6 30.Tc8+ Rh7 31.Fd4 Fa6 32.Ta8 Txc6 33.Txa6 Tc2+ 
34.Rg3 Fxd4 35.exd4 Td2 36.Ta4 g5 37.h4 Rg6 38.hxg5 hxg5 39.Rh3 Rf5 40.Rg3
f6 41.Tb4 Td3 42.Rf2 Td2+ 43.Rg3 Td1 44.Ta4 g4 45.fxg4+ Rg5 46.Rf3 Tf1+ 
47.Re2 Tf4 48.g3 Txg4 49.Rf3 Te4 50.Tb4 f5 51.Ta4 Te3+ 1/2-1/2

[Event "XXII Rapid"]
[Site "Villarrobledo ESP"]
[Date "2007.08.05"]
[Round "9"]
[White "Topalov, Veselin"]
[Black "Evdokimov, Alexander A"]
[Result "1-0"]
[WhiteElo "2769"]
[BlackElo "2544"]
[EventDate "2007.08.04"]

1.d4 Cf6 2.Cf3 g6 3.c3 Fg7 4.Fg5 O-O 5.Cbd2 d6 6.e4 e5 7.dxe5 dxe5 8.Fc4 
Cc6 9.O-O De7 10.b4 Fe6 11.Te1 h6 12.Fh4 Tfd8 13.Dc2 Td7 14.Fb5 Tad8 15.
Cb3 Fxb3 16.axb3 Td6 17.Fxc6 Txc6 18.Txa7 Dxb4 19.cxb4 Txc2 20.Txb7 Td3 
21.Fg3 Cd7 22.h3 f6 23.Tb1 Tdc3 24.Rh2 Ff8 25.Td1 Cb6 26.Td8 Rf7 27.Tbb8 
Fg7 28.Cd2 Re7 29.Cf1 Txb3 30.Ce3 Txe3 31.fxe3 Tc4 32.b5 Txe4 33.Fe1 h5 
34.Td3 Fh6 35.Tb7 Tc4 36.Fa5 e4 37.Tb3 Cd5 38.b6 Fxe3 39.Txe3 Cxe3 40.bxc7
Rd7 41.Tb8 Txc7 42.Fxc7 Rxc7 43.Te8 Rd6 44.Txe4 Cf5 45.g3 Rd5 46.Te8 Rd6 
47.Rg2 Ce7 48.Rf3 Rd7 49.Tf8 Re6 50.Re4 Cf5 51.Rf4 Ce7 52.Th8 Cd5+ 53.Re4 
Cc3+ 54.Rf3 Cd5 55.Th7 Cc3 56.Tg7 Rf5 57.g4+ hxg4+ 58.hxg4+ Rg5 59.Tc7 Ca4
60.Tc6 f5 61.gxf5 gxf5 62.Re3 Cb2 63.Rd2 Rg4 64.Tc2 1-0

[Event "Corus A"]
[Site "Wijk aan Zee NED"]
[Date "2008.01.15"]
[Round "4"]
[White "Van Wely, Loek"]
[Black "Topalov, Veselin"]
[Result "1-0"]
[WhiteElo "2681"]
[BlackElo "2780"]
[EventDate "2008.01.12"]

1.d4 e6 2.c4 c5 3.d5 exd5 4.cxd5 d6 5.e4 g6 6.Cf3 Fg7 7.Fd3 a6 8.h3 Ce7 9.
O-O h6 10.Te1 O-O 11.a4 g5 12.Cbd2 Cd7 13.Cc4 Cf6 14.Fd2 Tb8 15.Fc3 g4 16.
hxg4 Fxg4 17.e5 dxe5 18.Fxe5 Cexd5 19.Fxb8 Dxb8 20.Cce5 Fe6 21.Db3 Ce3 22.
Db6 Ced5 23.Dxc5 Tc8 24.Dd4 Cg4 25.Tad1 b5 26.axb5 axb5 27.De4 Cdf6 28.De2
Db6 29.Fb1 h5 30.Td2 Te8 31.Dd3 Fh6 32.Dd4 Db8 33.Tdd1 Fg7 34.Dd2 Db6 35.
Dd4 Db8 36.Dd2 Db6 37.Cxg4 hxg4 38.Dd4 Db8 39.Cg5 Fb3 40.Tc1 Td8 41.De3 
Fd5 42.Tcd1 Te8 43.Dd3 Txe1+ 44.Txe1 Fc4 45.De3 Fh6 46.De5 Dxe5 47.Txe5 g3
48.fxg3 Cg4 49.Tc5 Rg7 50.Fe4 Cf6 51.Rh1 Cd7 52.Tf5 Cf6 53.Fc2 Cg4 54.b3 
Ce3 55.Tc5 Fe2 56.Cf3 Cf1 57.Cd4 Cxg3+ 58.Rh2 Ff4 59.Cxe2 Cxe2+ 60.Rh3 Cd4
61.Rg4 Fd2 62.Td5 Fe3 63.Fe4 Rf6 64.Th5 Fd2 65.Td5 Fe3 66.Ff5 b4 67.Fd3 
Rg7 68.Td7 Rf8 69.Fe4 Re8 70.Tb7 Fd2 71.Fd5 f6 72.Rh5 Cf5 73.g4 Ce7 74.Fe6
Rf8 75.Tb8+ Rg7 76.Te8 Cc6 77.Tg8+ Rh7 78.Tc8 Ce5 79.Tc7+ Rh8 80.Tb7 Fe1 
81.g5 1-0

[Event "Corus A"]
[Site "Wijk aan Zee NED"]
[Date "2008.01.17"]
[Round "5"]
[White "Topalov, Veselin"]
[Black "Gelfand, Boris"]
[Result "1-0"]
[WhiteElo "2780"]
[BlackElo "2737"]
[EventDate "2008.01.12"]

1.e4 e5 2.Cf3 Cf6 3.Cxe5 d6 4.Cf3 Cxe4 5.d4 d5 6.Fd3 Cc6 7.O-O Fe7 8.Cc3 
Cxc3 9.bxc3 Fg4 10.Te1 O-O 11.Ff4 Fd6 12.Fxd6 cxd6 13.Te3 Dd7 14.h3 Fh5 
15.Dd2 Tae8 16.Ch4 Txe3 17.Dxe3 De6 18.Cf5 Td8 19.Dg5 Fg6 20.Ce3 Fe4 21.
Te1 h6 22.Dh4 Dg6 23.Fe2 Fxc2 24.Fh5 De4 25.Dg3 Fd3 26.f3 De7 27.Cg4 Dg5 
28.f4 1-0

[Event "Corus A"]
[Site "Wijk aan Zee NED"]
[Date "2008.01.18"]
[Round "6"]
[White "Leko, Peter"]
[Black "Topalov, Veselin"]
[Result "0-1"]
[WhiteElo "2753"]
[BlackElo "2780"]
[EventDate "2008.01.12"]

1.e4 c5 2.Cf3 d6 3.d4 cxd4 4.Cxd4 Cf6 5.Cc3 a6 6.Fe3 e5 7.Cb3 Fe6 8.f3 h5 
9.Dd2 Cbd7 10.a4 Fe7 11.Fe2 Dc7 12.O-O O-O 13.Tfd1 Tfd8 14.a5 b5 15.Cd5 
Fxd5 16.exd5 Tac8 17.c3 Db7 18.Ta3 g6 19.Ca1 Te8 20.Cc2 Ff8 21.Cb4 Fg7 22.
Tc1 e4 23.f4 Cg4 24.Fxg4 hxg4 25.De2 Cf6 26.Td1 Tc4 27.Dd2 Dc8 28.Taa1 g3 
29.h3 Ch5 30.Tac1 Fh6 31.b3 Tc7 32.Cc6 Cg7 33.c4 bxc4 34.Txc4 Dd7 35.Dc2 
Tb7 36.b4 Cf5 37.Fc1 e3 38.Te1 Tb5 39.Dd3 f6 40.Te4 Txe4 41.Dxe4 Df7 42.
Cd4 Dxd5 43.De8+ Rh7 44.Cxf5 Dxf5 45.Dxe3 Txb4 46.Dxg3 Te4 47.Txe4 Dxe4 
48.De3 f5 49.Dxe4 fxe4 50.Rf2 d5 51.g4 d4 52.Fb2 Fg7 53.Fa3 Rg8 54.h4 Rf7 
55.Fc5 Re6 56.h5 gxh5 57.gxh5 d3 58.Re3 Fh6 59.Fb4 Rd5 60.Fd2 Ff8 61.Fc1 
Fc5+ 62.Rd2 Rc4 63.h6 Ff2 64.Rd1 e3 65.Fxe3 Fxe3 66.h7 Fd4 0-1

[Event "Corus A"]
[Site "Wijk aan Zee NED"]
[Date "2008.01.19"]
[Round "7"]
[White "Topalov, Veselin"]
[Black "Carlsen, Magnus"]
[Result "1/2-1/2"]
[WhiteElo "2780"]
[BlackElo "2733"]
[EventDate "2008.01.12"]

1.e4 e5 2.Cf3 Cc6 3.Fb5 a6 4.Fa4 Cf6 5.O-O Fe7 6.Te1 b5 7.Fb3 O-O 8.h3 Fb7
9.d3 d6 10.a3 Ca5 11.Fa2 c5 12.Cc3 Cc6 13.Fd2 Cd4 14.Cxd4 cxd4 15.Ce2 d5 
16.Cg3 dxe4 17.dxe4 Fc8 18.c3 Fc5 19.Df3 Fe6 20.Cf5 Tc8 21.Ted1 Te8 22.
cxd4 Fxd4 23.Fe3 Fxf5 24.Dxf5 g6 25.Df3 Db6 26.Td2 Rg7 27.Fxd4 exd4 28.Te1
Dd6 29.g3 Te7 30.Dd3 Tce8 31.Dxd4 Dxd4 32.Txd4 Cxe4 33.Rg2 f5 34.Tc1 Cf6 
35.Td6 Te2 36.Tc7+ T8e7 37.Txe7+ Txe7 38.Fe6 Ce4 39.Tc6 a5 40.h4 Cd2 41.b3
a4 42.bxa4 bxa4 43.Tb6 Ce4 44.f3 Cc5 45.Fc4 Te3 46.Tc6 Cd3 47.Tc7+ Rh8 48.
f4 Cb2 49.Ff7 Txa3 50.h5 gxh5 51.Rh3 Cd3 52.Rh4 Cf2 53.Fe6 Ce4 54.Fxf5 
Cxg3 55.Fxh7 Te3 56.Rg5 1/2-1/2

[Event "Corus A"]
[Site "Wijk aan Zee NED"]
[Date "2008.01.20"]
[Round "8"]
[White "Anand, Viswanathan"]
[Black "Topalov, Veselin"]
[Result "1-0"]
[WhiteElo "2799"]
[BlackElo "2780"]
[EventDate "2008.01.12"]

1.e4 c5 2.Cf3 d6 3.d4 cxd4 4.Cxd4 Cf6 5.Cc3 a6 6.Fe3 e5 7.Cb3 Fe6 8.f3 h5 
9.Cd5 Fxd5 10.exd5 Cbd7 11.Dd2 g6 12.O-O-O Cb6 13.Da5 Fh6 14.Fxh6 Txh6 15.
Rb1 Tc8 16.Db4 Rf8 17.c4 Rg7 18.g3 Th8 19.Tc1 Dc7 20.Fh3 Tce8 21.Thd1 Te7 
22.a3 Td8 23.Cd2 Cbd7 24.Dc3 a5 25.Fxd7 Cxd7 26.f4 Cf6 27.Tf1 b6 28.h3 Dd7
29.f5 Tf8 30.De3 e4 31.g4 hxg4 32.hxg4 Te5 33.Tf4 Dd8 34.g5 Ch5 35.f6+ Rg8
36.Txe4 Tfe8 37.Ra2 a4 38.Tc3 Dc7 39.Dd4 Dc5 40.Dxc5 1-0

[Event "Blindfold World Cup"]
[Site "Bilbao ESP"]
[Date "2007.10.16"]
[Round "1"]
[White "Topalov, Veselin"]
[Black "Polgar, Ju"]
[Result "1-0"]
[WhiteElo "2769"]
[BlackElo "2708"]
[EventDate "2007.10.16"]

1.e4 c5 2.Cc3 Cc6 3.Cf3 e6 4.d4 cxd4 5.Cxd4 a6 6.Cxc6 bxc6 7.e5 Dc7 8.De2 
a5 9.f4 d5 10.exd6 Fxd6 11.Ce4 Fxf4 12.Fxf4 Dxf4 13.g3 De5 14.O-O-O Re7 
15.Df3 Cf6 16.Da3+ c5 17.Cxc5 Cd5 18.Fg2 Cb4 19.Cd3 De3+ 20.Rb1 Tb8 21.
The1 Db6 22.c3 Fa6 23.Ce5 Thd8 24.cxb4 1-0

[Event "Blindfold World Cup"]
[Site "Bilbao ESP"]
[Date "2007.10.16"]
[Round "2"]
[White "Polgar, Ju"]
[Black "Topalov, Veselin"]
[Result "1-0"]
[WhiteElo "2708"]
[BlackElo "2769"]
[EventDate "2007.10.16"]

1.e4 e5 2.Cf3 Cc6 3.Fb5 a6 4.Fa4 Cf6 5.O-O b5 6.Fb3 Fc5 7.c3 d6 8.d4 Fb6 
9.Fe3 O-O 10.Cbd2 h6 11.Te1 Cg4 12.Cf1 Cxe3 13.Cxe3 Tb8 14.Fd5 Fg4 15.Cxg4
1-0

[Event "Blindfold World Cup"]
[Site "Bilbao ESP"]
[Date "2007.10.17"]
[Round "3"]
[White "Topalov, Veselin"]
[Black "Harikrishna, P"]
[Result "1/2-1/2"]
[WhiteElo "2769"]
[BlackElo "2668"]
[EventDate "2007.10.16"]

1.e4 e6 2.d4 d5 3.Cd2 c5 4.Cgf3 Cc6 5.exd5 exd5 6.Fb5 Fd6 7.O-O cxd4 8.Cb3
Ce7 9.Fxc6+ bxc6 10.Dxd4 O-O 11.Ff4 Cf5 12.Da4 Db6 13.Tfe1 c5 14.Tad1 Fe6 
15.Cg5 Tae8 16.Fxd6 Cxd6 17.Da5 Cb7 18.Dc3 h6 19.Cxe6 fxe6 20.De3 a5 21.c4
a4 22.Cd2 Cd6 23.b3 axb3 24.axb3 d4 25.Dg3 e5 26.Txe5 Cf5 27.Df4 Db8 28.
Te4 Cd6 29.Txe8 Txe8 30.h3 Te6 31.Df3 Rh7 32.Dd5 Dc8 33.Cf3 Ce8 34.Df5+ 
Rg8 35.Dd3 Cf6 36.b4 cxb4 37.Dxd4 Ce4 38.Dd8+ Te8 39.Dd5+ Rh7 40.Te1 Cc3 
41.Dd3+ Rg8 42.Txe8+ Dxe8 43.c5 De6 44.Dd8+ Rh7 45.Db6 Dc4 46.c6 Ce2+ 47.
Rh2 Df4+ 48.Rh1 Dc1+ 49.Rh2 Df4+ 50.Rh1 Dc1+ 1/2-1/2

[Event "Blindfold World Cup"]
[Site "Bilbao ESP"]
[Date "2007.10.17"]
[Round "4"]
[White "Harikrishna, P"]
[Black "Topalov, Veselin"]
[Result "1-0"]
[WhiteElo "2668"]
[BlackElo "2769"]
[EventDate "2007.10.16"]

1.e4 c5 2.Cf3 d6 3.Fc4 Cc6 4.d3 Cf6 5.O-O g6 6.h3 Fg7 7.c3 O-O 8.Fb3 b5 9.
Te1 a5 10.a3 e5 11.Fg5 a4 12.Fa2 h6 13.Fh4 De8 14.Cbd2 Fe6 15.Cf1 Fxa2 16.
Txa2 De6 17.Ta1 Cd7 18.Ce3 Cb6 19.Tc1 Ca5 20.g4 Cb3 21.Tb1 d5 22.De2 d4 
23.cxd4 cxd4 24.Cc2 Tfc8 25.Cb4 f6 26.Fg3 g5 27.Cd2 Ff8 28.Cf1 Fxb4 29.
axb4 Tc6 30.Df3 Cc8 31.Fh2 Ce7 32.Tbd1 Cg6 33.Cg3 Ch4 34.Dh1 Tac8 35.Cf5 
Cxf5 36.exf5 Dd6 37.h4 Tc2 38.Fg3 Dd7 39.hxg5 hxg5 40.Dh6 Dg7 41.Dh1 Cd2 
42.Te2 Cb3 43.Txc2 Txc2 44.Dd5+ Df7 45.Dxb5 Cc5 46.bxc5 1-0